La muerte de Amalia Sacerdote / (Record no. 197784)

MARC details
000 -LEADER
campo de control de longitud fija 01496nam a2200397 i 4500
001 - NÚMERO DE CONTROL
campo de control 197784
003 - IDENTIFICADOR DE NÚMERO DE CONTROL
campo de control ES-MaACL
005 - FECHA Y HORA DE LA ÚLTIMA TRANSACCIÓN
campo de control 20250910063137.0
008 - DATOS DE LONGITUD FIJA--INFORMACIÓN GENERAL
campo de control de longitud fija 250523s2013 sp | |||| 000 f spa
015 ## - NÚMERO DE BIBLIOGRAFÍA NACIONAL
Número de bibliografía nacional MON13
017 ## - NÚMERO DE COPYRIGHT O DE DEPÓSITO LEGAL
Número de copyright o de depósito legal M 21531-2013
Agencia que asigna Oficina Depósito Legal Madrid
035 ## - NÚMERO DE CONTROL DEL SISTEMA
Número de control de sistema (OCoLC)879368522
035 ## - NÚMERO DE CONTROL DEL SISTEMA
Número de control de sistema (SpMaBN)a5486623
040 ## - FUENTE DE CATALOGACIÓN
Centro catalogador/agencia de origen SpMaBN
Lengua de catalogación spa
Centro/agencia transcriptor SpMaBN
Normas de descripción rdc
080 ## - NÚMERO DE LA CLASIFICACIÓN DECIMAL UNIVERSAL
Número de la Clasificación Decimal Universal 821.131.1-31"19"
100 1# - ENTRADA PRINCIPAL--NOMBRE DE PERSONA
Nombre de persona Camilleri, Andrea,
Fechas asociadas al nombre 1925-2019
9 (RLIN) 241584
Término indicativo de función/relación Autor
240 13 - TÍTULO UNIFORME
Título uniforme La Rizzagliata
Lenguaje de la obra Español
245 13 - MENCIÓN DEL TÍTULO
Título La muerte de Amalia Sacerdote /
Mención de responsabilidad, etc. Andrea Camilleri ; traducción de Juan Carlos Gentile Vitale.
260 ## - PUBLICACIÓN, DISTRIBUCIÓN, ETC.
Lugar de publicación, distribución, etc. Barcelona :
Nombre del editor, distribuidor, etc. RBA,
Fecha de publicación, distribución, etc. D.L. 2013.
300 ## - DESCRIPCIÓN FÍSICA
Extensión 202 páginas ;
Dimensiones 19 cm.
336 ## - TIPO DE CONTENIDO
Término de tipo de contenido Texto (visual)
Fuente isbdcontent
337 ## - TIPO DE MEDIO
Nombre/término del tipo de medio sin mediación
Fuente isbdmedia
338 ## - TIPO DE SOPORTE
Fuente rdacarrier
Nombre/término del tipo de soporte volumen
586 ## - NOTA DE PREMIOS
Nota de premios II Premio Internacional de Novela Negra RBA 2008.
594 ## - NOTA AL TITULO Y MENCION DE RESPONSABILIDAD
Nota al título y mención de responsabilidad Título original: La Rizzagliata
594 ## - NOTA AL TITULO Y MENCION DE RESPONSABILIDAD
Nota al título y mención de responsabilidad En la página 4 de la cubierta: El País
655 #0 - TERMINO DE INDIZACIÓN--GENERO/FORMA
9 (RLIN) 234319
Datos o término principal de género/forma Novelas
700 1# - ENTRADA AGREGADA--NOMBRE PERSONAL
Nombre de persona Vitale, Carlos,
Fechas asociadas al nombre 1953-
9 (RLIN) 241585
Término indicativo de función/relación Traductor
852 ## - LOCALIZACIÓN
Ubicación ES-MaACL
Ubicación en estantería Depósito J
Número de control de estantería N-10643
Donativo/Legado Donación: José Lázaro García
Encuadernación Encuadernación rústica
itemnumber 206766
903 ## - NOMBRE PERSONAL DE DONANTE
9 234219
a Lázaro García, José
e Donante
942 ## - ELEMENTOS DE ENTRADA SECUNDARIOS (KOHA)
Tipo de ítem Koha Libro impreso
Suprimir en OPAC No
Holdings
Estatus retirado Estado de pérdida Fuente del sistema de clasificación o colocación Estado de daño No para préstamo Biblioteca de origen Biblioteca actual Ubicación en estantería Fecha de adquisición Fuente de adquisición Total de préstamos Signatura topográfica completa Código de barras Visto por última vez Precio de reemplazo Tipo de ítem Koha
    Clasificación decimal universal     Biblioteca del Ateneo de Madrid Biblioteca del Ateneo de Madrid Depósito J 08/09/2025 Donación   N-10643 2025-1142 08/09/2025 08/09/2025 Libro impreso